000 00656nam a2200277Ia 4500
005 20260324130032.0
008 008 260324s9999 xx 000 0 eng d
020 _a9781351313889
037 _aEBOOK
040 _aCRL
040 _beng
040 _cCRL
041 _2eng
041 _aeng
084 _qCRL
100 _aFriedrich Darmstaedter
_91180279
245 0 _aBismarck and the Creation of the Second Reich
260 _bTaylor and Francis
260 _c2008
365 _a
365 _b230
856 _uhttp://www.taylorfrancis.com/books/9781351313889
942 _cEBOOK
999 _c1776047
_d1776047